Word Ladder: Buffalo Buffalo Buffalo Quiz Stats

 Plays Quiz Updated Dec 3, 2015

Challenge
Share
Tweet
Embed
Score 0/13 Timer 01:30
2 Plays Today
Hint 4-Letter Word % Correct
● 'Wild West' figure: Buffalo ____● BILL ●
97.6%
Lactation productMILK
94.5%
● Spicy snack: Buffalo ____● WING ●
92.8%
Fries, to a burgerSIDE
92%
To swindleBILK
90.4%
Trigonometry ratioSINE
90%
When repeated, a New York prisonSING
88.7%
Weasel relativeMINK
85.4%
Strong windGALE
82%
Game show host MartindaleWINK
81.8%
Act of exchanging something for moneySALE
81.4%
'Smooth Operator' singerSADE
81.1%
● American folk song: Buffalo ____● GALS ●
47.7%

Today's Daily Dose

You're not logged in!

Compare scores with friends on all Sporcle quizzes.
Join for Free
OR
Log In

You Might Also Like...

Show Comments

Extras

Top Quizzes Today


Score Distribution

Your Account Isn't Verified!

In order to create a playlist on Sporcle, you need to verify the email address you used during registration. Go to your Sporcle Settings to finish the process.

Report this User

Report this user for behavior that violates our Community Guidelines.

Details: